Normal view
MARC view
Entry Personal Name
001 - CONTROL NUMBER
- control field: 6565
003 - CONTROL NUMBER IDENTIFIER
- control field: OSt
005 - DATE AND TIME OF LATEST TRANSACTION
- control field: 20210923112019.0
008 - FIXED-LENGTH DATA ELEMENTS
- fixed length control field: 210923|| aca||aabn | a|a d
040 ## - CATALOGING SOURCE
- Original cataloging agency: OSt
- Transcribing agency: OSt
100 ## - HEADING--PERSONAL NAME
- Personal name: masrgaret knight. b. a
670 ## - SOURCE DATA FOUND
- Source citation: Work cat.: (OSt)6297: masrgaret knight. b. a., amoudern inteoductin to psychlolgy, 150/kni